000 00682nam a22002413a 4500
999 _c6481
_d6481
001 6481
003 BD-JhCC
005 20180123185444.0
008 860101s1963 xx a 000 0 eng d
035 _a(BD-JhCC)6481
040 _aEQO
_cEQO
_dBD-JhCC
041 _aeng
082 _a428.24
_bFOZ 1963
100 1 _aFozzard, Peter Rathmell.
245 1 0 _aIt makes you think :
_bexercises in the use of English for the young adult
_cP. R. Fozzard
260 _aLond,
_c1963.
_bEvans Brothers Limited :
300 _a142 p. :
_bill.;
_c21 cm.
490 1 _aGen. course ser
650 _aEnglish Language
_xGrammar
830 0 _aGen. course ser
942 _2ddc
_cBK